Central Library OPAC University of Rajshahi

রঙ্গালয়ে অমরেন্দ্রনাথ / (Record no. 71640)

MARC details
000 -LEADER
fixed length control field 01165nam a2200265 a 4500
001 - CONTROL NUMBER
control field 71640
003 - CONTROL NUMBER IDENTIFIER
rucl marc code BD-RjUL
005 - DATE AND TIME OF LATEST TRANSACTION
control field 20211209082134.0
008 - FIXED-LENGTH DATA ELEMENTS--GENERAL INFORMATION
fixed length control field 170506s2004 ii ao||| |||| 00| 0 ben d
020 ## - INTERNATIONAL STANDARD BOOK NUMBER
International Standard Book Number 8129501333
Terms of availability :Tk. 250.00
035 ## - SYSTEM CONTROL NUMBER
System control number (BD-RjUL)71856
040 ## - CATALOGING SOURCE
Original cataloging agency BD-RjUL
Language of cataloging ben
Transcribing agency BD-RjUL
041 ## - LANGUAGE CODE
Language code of text/sound track or separate title ben
082 ## - DEWEY DECIMAL CLASSIFICATION NUMBER
Edition number 23
Classification number 891.44209
Author mark and year DAR 2004
100 ## - MAIN ENTRY--PERSONAL NAME
Personal name দত্ত, রমাপতি
9 (RLIN) 211970
245 10 - TITLE STATEMENT
Title রঙ্গালয়ে অমরেন্দ্রনাথ /
Statement of responsibility, etc. রমাপতি দত্ত ; সম্পাদনা দেবজিত্ বন্দ্যোপাধ্যায়
260 ## - PUBLICATION, DISTRIBUTION, ETC. (IMPRINT)
Place of publication, distribution, etc. কলিকাতা :
Name of publisher, distributor, etc. দেজ পাবলিকেশন,
Date of publication, distribution, etc. ২০০৪
300 ## - PHYSICAL DESCRIPTION
Pagination ৪১৫ পৃ. :
Illustrations চিত্র ;
Size ১৭ সেমি.
600 ## - SUBJECT ADDED ENTRY--PERSONAL NAME
Personal name অমরেন্দ্রনাথ
Personal name Amarendranath
650 ## - SUBJECT ADDED ENTRY--TOPICAL TERM
Topical term or geographic name as entry element বাংলা নাটক
General subdivision ইতিহাস ও সমালোচনা
9 (RLIN) 123674
Topical term or geographic name as entry element Bengali drama
General subdivision History and criticism
9 (RLIN) 122764
700 ## - ADDED ENTRY--PERSONAL NAME
Personal name বন্দ্যোপাধ্যায়, দেবজিত্
942 ## - ADDED ENTRY ELEMENTS (KOHA)
Source of classification or shelving scheme Dewey Decimal Classification
Koha item type Books
Holdings
Lost status Source of classification or shelving scheme Damaged status Not for loan Collection code Permanent Location Current Location Shelving location Date acquired Source of acquisition Cost, normal purchase price Total Checkouts Full call number Date last seen Copy number Koha item type
  Dewey Decimal Classification   Not For Loan Non-fiction Central Library, University of Rajshahi Central Library, University of Rajshahi Reading Room 29/04/2013 Dhaka space marketing communication 1380.00   B 891.44209 DAR 2004 06/05/2017 C-1 Books